Podbrdské ženy /
Uloženo v:
| Hlavní autor: | |
|---|---|
| Další autoři: | , , , , , |
| Médium: | E-audiokniha |
| Jazyk: | Czech |
| Vydáno: |
Praha :
Voxi,
[2020]
|
| Témata: | |
| Tagy: |
Žádné tagy |
| LEADER | 04222nim a2201201 ia4500 | ||
|---|---|---|---|
| 001 | 313087 | ||
| 003 | CZ PrSKC | ||
| 005 | 20260601215735.0 | ||
| 007 | sd fungnnmmned | ||
| 008 | 201002t20202020xr nnnng f n cze | ||
| 015 | |a cnb003256791 | ||
| 024 | 3 | |a 8594050430815 | |
| 040 | |a ABA001 |b cze |e rda | ||
| 072 | 7 | |a 821.162.3-3 |x Česká próza |2 Konspekt | |
| 080 | |a 821.162.3-31 |2 MRF | ||
| 080 | |a (0:82-31) |2 MRF | ||
| 080 | |a (086.7)08 |2 MRF | ||
| 080 | |a (086.76) |2 MRF | ||
| 100 | 1 | |a Poncarová, Jana, |d 1983- |7 xx0228679 |4 aut | |
| 245 | 1 | 0 | |a Podbrdské ženy / |c Jana Poncarová |
| 264 | 1 | |a Praha : |b Voxi, |c [2020] | |
| 264 | 4 | |c ©2020 | |
| 300 | |a 2 audiodisky (15 hod., 20 min.) ; |c 12 cm | ||
| 306 | |a 152000 | ||
| 336 | |a mluvené slovo |b spw |2 rdacontent | ||
| 337 | |a audio |b s |2 rdamedia | ||
| 338 | |a audiodisk |b sd |2 rdacarrier | ||
| 344 | |a digital |b optical |2 rda | ||
| 347 | |a audio soubor |b MP3 |2 rda | ||
| 500 | |a Název z disku | ||
| 500 | |a Copyright Albatros Media | ||
| 500 | |a Podle stejnojmenné knihy vydané nakladatelstvím Motto v roce 2018 | ||
| 500 | |a Nezkrácená audiokniha ve formátu MP3 na dvou CD | ||
| 508 | |a Režie Alexandra Bauerová | ||
| 511 | 0 | |a Čtou Tereza Dočkalová, Zuzana Kajnarová, Anita Krausová, Veronika Lazorčáková a Marek Němec | |
| 655 | 7 | |a české romány |7 fd133974 |2 czenas | |
| 655 | 7 | |a audioknihy |7 fd119452 |2 czenas | |
| 655 | 7 | |a kompaktní disky |7 fd201991 |2 czenas | |
| 700 | 1 | |a Bauerová, Alexandra |7 ola2014823513 |4 drt | |
| 700 | 1 | |a Dočkalová, Tereza, |d 1988- |7 osa2012691423 |4 nrt | |
| 700 | 1 | |a Kajnarová, Zuzana, |d 1982- |7 xx0045423 |4 nrt | |
| 700 | 1 | |a Krausová, Anita, |d 1985- |7 pna2011634481 |4 nrt | |
| 700 | 1 | |a Lazorčáková, Veronika, |d 1988- |7 xx0251480 |4 nrt | |
| 700 | 1 | |a Němec, Marek, |d 1981- |7 xx0181637 |4 nrt | |
| 900 | |a ABA001 |b 18 | ||
| 044 | |a xr | ||
| 505 | 0 | 0 | |t 01 (10 min., 16 sek.) |
| 505 | 0 | 0 | |t 02 (22 min., 33 sek.) |
| 505 | 0 | 0 | |t 03 (16 min., 15 sek.) |
| 505 | 0 | 0 | |t 04 (20 min., 20 sek.) |
| 505 | 0 | 0 | |t 05 (19 min., 16 sek.) |
| 505 | 0 | 0 | |t 06 (16 min., 39 sek.) |
| 505 | 0 | 0 | |t 07 (10 min., 3 sek.) |
| 505 | 0 | 0 | |t 08 (16 min., 0 sek.) |
| 505 | 0 | 0 | |t 09 (18 min., 34 sek.) |
| 505 | 0 | 0 | |t 10 (15 min., 1 sek.) |
| 505 | 0 | 0 | |t 11 (21 min., 21 sek.) |
| 505 | 0 | 0 | |t 12 (21 min., 1 sek.) |
| 505 | 0 | 0 | |t 13 (16 min., 11 sek.) |
| 505 | 0 | 0 | |t 14 (16 min., 42 sek.) |
| 505 | 0 | 0 | |t 15 (12 min., 35 sek.) |
| 505 | 0 | 0 | |t 16 (11 min., 36 sek.) |
| 505 | 0 | 0 | |t 17 (13 min., 43 sek.) |
| 505 | 0 | 0 | |t 18 (21 min., 1 sek.) |
| 505 | 0 | 0 | |t 19 (17 min., 37 sek.) |
| 505 | 0 | 0 | |t 20 (16 min., 7 sek.) |
| 505 | 0 | 0 | |t 21 (13 min., 40 sek.) |
| 505 | 0 | 0 | |t 22 (12 min., 32 sek.) |
| 505 | 0 | 0 | |t 23 (13 min., 52 sek.) |
| 505 | 0 | 0 | |t 24 (19 min., 34 sek.) |
| 505 | 0 | 0 | |t 25 (22 min., 11 sek.) |
| 505 | 0 | 0 | |t 26 (22 min., 5 sek.) |
| 505 | 0 | 0 | |t 27 (19 min., 0 sek.) |
| 505 | 0 | 0 | |t 28 (22 min., 22 sek.) |
| 505 | 0 | 0 | |t 29 (14 min., 15 sek.) |
| 505 | 0 | 0 | |t 30 (16 min., 42 sek.) |
| 505 | 0 | 0 | |t 31 (17 min., 49 sek.) |
| 505 | 0 | 0 | |t 32 (17 min., 52 sek.) |
| 505 | 0 | 0 | |t 33 (17 min., 26 sek.) |
| 505 | 0 | 0 | |t 34 (21 min., 48 sek.) |
| 505 | 0 | 0 | |t 35 (4 min., 35 sek.) |
| 505 | 0 | 0 | |t 36 (17 min., 10 sek.) |
| 505 | 0 | 0 | |t 37 (19 min., 46 sek.) |
| 505 | 0 | 0 | |t 38 (24 min., 1 sek.) |
| 505 | 0 | 0 | |t 39 (18 min., 50 sek.) |
| 505 | 0 | 0 | |t 40 (21 min., 10 sek.) |
| 505 | 0 | 0 | |t 41 (22 min., 55 sek.) |
| 505 | 0 | 0 | |t 42 (15 min., 14 sek.) |
| 505 | 0 | 0 | |t 43 (14 min., 53 sek.) |
| 505 | 0 | 0 | |t 44 (16 min., 30 sek.) |
| 505 | 0 | 0 | |t 45 (19 min., 34 sek.) |
| 505 | 0 | 0 | |t 46 (16 min., 28 sek.) |
| 505 | 0 | 0 | |t 47 (21 min., 35 sek.) |
| 505 | 0 | 0 | |t 48 (9 min., 9 sek.) |
| 505 | 0 | 0 | |t 49 (5 min., 2 sek.) |
| 505 | 0 | 0 | |t 50 (17 min., 41 sek.) |
| 505 | 0 | 0 | |t 51 (16 min., 11 sek.) |
| 505 | 0 | 0 | |t 52 (18 min., 31 sek.) |
| 505 | 0 | 0 | |t 53 (20 min., 30 sek.) |
| 505 | 0 | 0 | |t 54 (16 min., 21 sek.) |
| 910 | |a RBIT002 | ||
| 998 | |d 354316 |a https://core.palmknihy.cz/api/books/354316/cover?shcr8x |b https://core.palmknihy.cz/api/books/354316/cover/400?shcr8x |c https://core.palmknihy.cz/api/books/354316/cover/50?shcr8x |e 2036-12-31 |i 8594050430815 |l 55200 |q 49 |r 1 |s https://www.palmknihy.cz/kniha/354316 |t audiobook |y 2020 |z 0 | ||
| 999 | |d 313085 | ||